01107nam a2200277Ia 4500001001200000003000800012006001900020007001500039008004100054020002600095040002100121035002100142050002600163100002100189245007100210260005100281300001100332504004100343533015200384600007800536650002600614655002900640710001700669856012600686999001700812ebr10678819CaPaEBRm u cr cn|||||||||130417s2012 cau sb 000 1 eng d z9781847602169 (ebook) aCaPaEBRcCaPaEBR a(OCoLC)84698604114aPR4556.A2bG73 2012eb1 aGravil, Richard.10aReading "Bleak house"h[electronic resource] /cby Richard Gravil. aPenrith, CA :bHEB Humanities E-Books,cc2012. a126 p. aIncludes bibliographical references. aElectronic reproduction.bPalo Alto, Calif. :cebrary,d2013.nAvailable via World Wide Web.nAccess may be limited to ebrary affiliated libraries.10aDickens, Charles,d1812-1870.tBleak housexCriticism and interpretation. 0aYoung womenvFiction. 7aElectronic books.2local2 aebrary, Inc.40uhttp://site.ebrary.com/lib/rucke/Doc?id=10678819zAn electronic book accessible through the World Wide Web; click to view c59930d59930